MARC

LEADER 00000nam0a2200000 4500
001 133651
005 20231031135412.0
035 |a (RuTPU)RU\TPU\book\144865 
090 |a 133651 
100 |a 20080319d1965 km y0rusy50 ca 
101 0 |a rus 
102 |a RU 
105 |a a g 001zy 
200 1 |a Справочник по защите от излучения протяженных источников  |f Б. Р. Бергельсон, Г. А. Зорикоев 
210 |a Москва  |c Атомиздат  |d 1965 
215 |a 175 с.  |c черт. 
320 |a Библиография в конце книги. 
610 1 |a ионизирующие излучения 
610 1 |a защита 
610 1 |a защита от ионизирующих излучений 
610 1 |a расчет 
610 1 |a справочники 
610 1 |a источники 
675 |a 621.384:658.283(035)  |v 3 
675 |a 621.384.668(035)  |v 3 
700 1 |a Бергельсон  |b Б. Р.  |g Борис Рафаилович 
701 1 |a Зорикоев  |b Г. А.  |g Герман Агубеевич 
801 1 |a RU  |b 63413507  |c 20080319  |g PSBO 
801 2 |a RU  |b 63413507  |c 20210113  |g PSBO 
942 |c BK